| 000 | 00789nam a2200217 a 4500 | ||
|---|---|---|---|
| 001 | 44208 | ||
| 003 | BD-RjUL | ||
| 005 | 20211209053821.0 | ||
| 008 | 160714s1960 bg ||||| |||| 00| 0 ben d | ||
| 035 | _a(BD-RjUL)44326 | ||
| 040 |
_aBD-RjUL _bben _cBD-RjUL |
||
| 041 | _aben | ||
| 082 |
_223 _a891.4409 _bISS 1960 |
||
| 100 |
_aইসলাম, মযহারুল _9135741 |
||
| 245 | 1 | 0 |
_aসাহিত্য পথে / _cমযহারুল ইসলাম |
| 260 |
_aঢাকা : _bগ্রেট বেঙ্গল লাইব্রেরী, _c১৯৬০ |
||
| 300 |
_a[৬], ২৫৯ পৃ. ; _c২২ সেমি. |
||
| 650 |
_aবাংলা সাহিত্য _xইতিহাস _9135742 |
||
| 650 |
_aBengali Literature _xHistory _9135743 |
||
| 942 |
_2ddc _cBK |
||
| 999 |
_c44208 _d44208 |
||